L'échange : Les dessous d'une négociation artistique entre la France et l'Espagne (1940-1941) (notice n° 1568318)

détails MARC
000 -LEADER
fixed length control field 01739cam a2200145 4500500
005 - DATE AND TIME OF LATEST TRANSACTION
control field 20251214004218.0
041 ## - LANGUAGE CODE
Language code of text/sound track or separate title fre
042 ## - AUTHENTICATION CODE
Authentication code dc
100 10 - MAIN ENTRY--PERSONAL NAME
Personal name Gruat, Cédric
Relator term author
245 00 - TITLE STATEMENT
Title L'échange : Les dessous d'une négociation artistique entre la France et l'Espagne (1940-1941)
260 ## - PUBLICATION, DISTRIBUTION, ETC.
Name of publisher, distributor, etc. Armand Colin,<br/>
Date of publication, distribution, etc. 2011.<br/>
520 ## - SUMMARY, ETC.
Summary, etc. En juin 1941, à Madrid, la France et l’Espagne signent un accord portant sur un échange d’archives et d’œuvres d’art majeures, parmi lesquelles figurent un Murillo (L’Immaculée Conception), un Vélasquez, un Greco et la célèbre Dame d’Elche. Fruit de longues et difficiles tractations entamées un an plus tôt entre les régimes de Pétain et de Franco, cette négociation est présentée comme une manifestation de l’amitié franco-espagnole. En réalité, elle s’inscrit dans un véritable rapport de force aux enjeux opposés. Pour la France, il s’agit de s’assurer de la neutralité de l’Espagne et de l’empêcher de se rapprocher de l’Allemagne nazie. De son côté, l’Espagne cherche à régler un vieux contentieux avec sa voisine et à s’affirmer comme une nation forte de son identité.À travers une plongée dans les archives tant espagnoles que françaises, ce livre nous dévoile pour la première fois les ressorts et les arcanes de cette incroyable négociation. La replaçant dans la perspective plus large des relations tumultueuses entre les deux pays au fil des siècles, il soulève, depuis Napoléon, l’épineuse question du devenir des œuvres d’art sorties de leur territoire d’origine.
700 10 - ADDED ENTRY--PERSONAL NAME
Personal name Martínez, Lucía
Relator term author
856 41 - ELECTRONIC LOCATION AND ACCESS
Uniform Resource Identifier <a href="https://shs.cairn.info/lechange--9782200249717?lang=fr&redirect-ssocas=7080">https://shs.cairn.info/lechange--9782200249717?lang=fr&redirect-ssocas=7080</a>

Pas d'exemplaire disponible.

PLUDOC

PLUDOC est la plateforme unique et centralisée de gestion des bibliothèques physiques et numériques de Guinée administré par le CEDUST. Elle est la plus grande base de données de ressources documentaires pour les Étudiants, Enseignants chercheurs et Chercheurs de Guinée.

Adresse

627 919 101/664 919 101

25 boulevard du commerce
Kaloum, Conakry, Guinée

Réseaux sociaux

Powered by Netsen Group @ 2025